000 00578cam a22002053a 4500
001 37848
003 PGUSA
005 20140828083830.0
008 111025s2011||||xxu|||||s|||||000 | eng d
040 _aPGUSA
_beng
042 _adc
245 1 0 _aOld English Chronicles
_h[electronic resource] /
_cVarious
260 _bProject Gutenberg,
_c2011
506 _aPublic domain in the USA.
516 _aElectronic text
700 1 _aGiles, J. A.
_q(John Allen),
_d1808-1884
830 0 _aProject Gutenberg
_v37848
856 4 0 _uhttp://www.gutenberg.org/ebooks/37848
942 _cEB
999 _c267102
_d267102